000 00220nam a2200097Ia 4500
005 20251222114347.0
008 251222s1900||||xx |||||||||||||| ||spa||
082 _aDVD0060/R74/2008
245 0 _aEl acuarelista:
942 _cDVD
999 _c1093
_d1093